000 00657cam a22001691 4500
082 _a621.4831
_bREA
_cL-7, P-23
245 0 0 _aReactor handbook: physics.
_cContributors: Argonne National Laboratory [and others. Coordination and editing by J. F. Hogerton and R. C. Grass, Vitro Corporation of America.
250 _a1st ed.]
260 _aNew York,
_bMcGraw-Hill,
_c1955.
300 _axvi, 790 p.
_bdiagrs., tables.
_c27 cm.
526 _a0
_b0
_c0
_d621_483100000000000_REA
650 0 _aMCE
_9379
650 0 _aNuclear reactors.
_940082
710 2 _aArgonne National Laboratory.
_941849
710 2 _aVitro Corporation of America.
_941850
942 _2ddc
_cBK
999 _c545872
_d545872